French Geography - Hard - Statistics

General Stats
  • This quiz has been taken 516 times
  • The average score is 8 of 18
Answer Stats
Hint Answer % Correct
Name one of the five major rivers of Metropolitain France. Loire | Rhône | Rhine | Garonne | Seine
92%
Name a country France shares a land border with outside Europe. Brazil | Suriname | Netherlands
91%
Name a French city whose population is between 100k and 200k. Reims | Toulon | Saint-Étienne | Le Havre | Grenoble | Dijon | Angers | Villeurbanne | Saint-Denis | Nîmes | Clermont-Ferrand | Le Mans | Aix-en-Provence | Brest | Tours | Amiens | Limoges | Annecy | Boulogne-Billancourt | Perpignan | Besançon | Metz | Orléans | Rouen | Argenteuil | Montreuil | Mulhouse | Caen | Nancy | Saint-Paul
79%
In which region is situated the Mont Saint-Michel? Normandy
76%
Name countries that France does not recognize. North Korea | Taiwan
70%
Name a DROM. Guadeloupe | Guyane | Martinique | Mayotte | Réunion
69%
Name one of the five biggest islands of Metropolitain France besides Corsica. Île d’Oléron | Belle Île | Île de Ré | Noirmoutier | Île d’Yeu
57%
Name a COM (including Sui Generis COM). French Polynesia | Saint-Barthélemy | Saint-Martin | Saint-Pierre-et-Miquelon | Wallis-et-Futuna | New Caledonia
49%
A département located in the PACA region. Alpes-de-Haute-Provence | Hautes-Alpes | Alpes-Maritimes | Bouches-du-Rhône | Var | Vaucluse
40%
Name countries who challenge French sovereignty over some of its island territories. Comoros | Madagascar | Mauritius | Vanuatu
39%
What does DROM stand for? Département et Région d'Outre-Mer
25%
The name of the band of low-density population that stretches from the Landes to the Meuse. Empty Diagonal
24%
Name a TAAF. Crozet Archipelago | Kerguelen Islands | Scattered Islands of the Indian Ocean | Saint-Paul Island and New-Amsterdam Island | Adélie Land
23%
Name an active Volcano situated in France. Soufrière (Guadeloupe) | Montagne Pelée (Martinique) | Piton de la Fournaise (Réunion) | Île de la Possession (TAAF) | Mehetia (French Polynesia)
19%
What does TAAF stand for? Terres Australes et Antarctiques Françaises
16%
What does COM stand for? Collectivité d'Outre-Mer
14%
Name the source of the longest of these rivers. Mont Gerbier-de-Jonc (Ardèche)
6%
The highest peak in the French Pyrenees. Vignemale (pique Longue)
5%
No matching quizzes found
Score Distribution
Percent of People with Each Score
Percentile by Number Answered
Your Score History
You have not taken this quiz